Fridrich Veľký - básnik a dobyvateľ

Bibliographic Details
Main Author: Habaj, Michal, 1983- (Author)
Format: Article
Language:Slovak
PhysicalDescription:Fotogr.
ISSN:1335-6550
Subjects:

MARC

LEADER 00000nab a2200000 a 4500
001 vtls010061199
003 SK-MaSNL
005 20260304161050.0
008 250507|2009 xo |||||||||||||| b|slo
015 |a SNBRA2010/02  |2 snkbucl 
035 |a (uuid)d9d45f51-6a20-47ea-9eb1-4233140a06ae 
035 |a urn:nbn:sk:snk-ab15md 
035 |a (urnnbn)urn:nbn:sk:snk:ar-00454h 
038 |a SNKBUCL 
040 |a SNKBUCL  |b slo  |c SNKBUCL  |e AACR2 
041 0 |a slo 
044 |a xo  |c SK 
080 |a 94(431)-051"17"  |2 2001 
080 |a 929 Friedrich II.  |2 2001 
100 1 |a Habaj, Michal,  |d 1983-  |4 aut  |9 106571 
245 1 0 |a Fridrich Veľký - básnik a dobyvateľ  |c Michal Habaj 
300 |b Fotogr. 
600 0 7 |a Friedrich  |b II.,  |c pruský kráľ,  |d 1712-1786  |2 snkbucl  |9 106599 
648 7 |a 18. stor.  |2 snkbucl  |9 283423 
650 0 7 |a panovníci  |2 snkbucl  |9 4132 
651 7 |a Prusko  |2 snkbucl  |9 56245 
655 7 |a profily  |2 snkbucl  |9 341977 
773 0 |t Historická revue  |g Roč. XX, č. 11 (2009), s. 60-66  |x 1335-6550 
850 |a Slovenská národná knižnica 
852 |a Slovenská národná knižnica 
954 |a odborná, vedecká literatúra pôvodná (slovenská)  |2 lita 
958 |a article27 
958 |a BC 
958 |a DE 
958 |a OND 
958 |a EUIPO 
999 |c 2969856  |d 2971786